[Event "Muensterland Verbandsklasse Gr2 2223"]
[Site "Germany"]
[Date "2022.09.17"]
[Round "1.4"]
[White "Tast, Christian"]
[Black "Merschkoetter, Peter"]
[Result "1-0"]
[WhiteElo "1651"]
[BlackElo "1647"]
[PlyCount "105"]
[EventDate "2022.09.17"]
[EventType "team-tourn"]
[EventRounds "5"]
[EventCountry "GER"]
[SourceTitle "EXT 2024"]
[Source "ChessBase"]
[SourceDate "2023.10.10"]
[SourceVersion "1"]
[SourceVersionDate "2023.10.10"]
[SourceQuality "1"]
[WhiteTeam "Greven"]
[BlackTeam "Reckenfeld"]
[WhiteTeamCountry "GER"]
[BlackTeamCountry "GER"]

1. d4 f5 2. Nf3 Nf6 3. g3 e6 4. Bg2 d5 5. 0-0 Bd6 6. Bg5 0-0 7. Nbd2 c6 8. c4 a5 9. Ne5 h6 10. Bxf6 Qxf6 11. f4 g5 12. e3 g4 13. h4 h5 14. Qa4 b5 15. cxb5 cxb5 16. Qxb5 Bxe5 17. dxe5 Qd8 18. Rfd1 Bd7 19. Qc5 Na6 20. Qa3 Qb6 21. Nc4 Qb5 22. Nd6 Qb6 23. Bf1 Nc5 24. Rac1 Nb7 25. Nxb7 Qxb7 26. Qd6 Rfc8 27. b3 Kf7 28. Kf2 Rc6 29. Rxc6 Bxc6 30. Rc1 Rc8 31. Qc5 Bd7 32. Qa3 d4 33. Bg2 dxe3+ 34. Kg1 Qb6 35. Rxc8 e2+ 36. Kh2 Bxc8 37. Qc1 Ba6 38. Qd2 Bb5 39. a4 Ba6 40. Qd7+ Kf8 41. Bc6 Qf2+ 42. Bg2 Qxg3+ 43. Kxg3 e1Q+ 44. Kh2 Qxh4+ 45. Kg1 Qe7 46. Qc6 Qa7+ 47. Kh2 Kf7 48. Kg3 Be2 49. Qc3 Qb6 50. Qc2 Qe3+ 51. Kh4 Qd3 52. Qc7+ Kf8 53. Kg5 1-0